<The> Halo Effect in Banking: Evidence from Local Markets

Analýza reakcií vkladateľov na výkon malých miestnych družstevných bánk v Poľsku v období 2007–2014. Halový jav (halo effect) pri bankách s podobným logotypom.

Saved in:
Bibliographic Details
Main Author: Kozłowski, Łukasz
Format: Book Chapter
Language:English
Subjects:
Tags: Add Tag
No Tags, Be the first to tag this record!

MARC

LEADER 00000naa a2200000 4500
001 0248876
005 20181115092821.7
041 0 |a eng 
044 |a CZ 
245 1 0 |a <The> Halo Effect in Banking: Evidence from Local Markets  |c Łukasz Kozłowski 
520 |a Analýza reakcií vkladateľov na výkon malých miestnych družstevných bánk v Poľsku v období 2007–2014. Halový jav (halo effect) pri bankách s podobným logotypom. 
610 2 0 |a bankovníctvo 
610 2 0 |a banky 
610 2 0 |a banky družstevné 
610 2 0 |a ekonómia behaviorálna 
610 2 0 |a financie behaviorálne 
610 2 0 |a vklady 
610 2 0 |a obyvateľstvo 
610 2 0 |a logo 
610 2 0 |a marketing 
610 2 0 |a Poľsko 
100 1 |a Kozłowski, Łukasz